Normal view
MARC view
Entry Personal Name
001 - CONTROL NUMBER
- control field: 87223
003 - CONTROL NUMBER IDENTIFIER
- control field: dpl
005 - DATE AND TIME OF LATEST TRANSACTION
- control field: 20260209123614.0
008 - FIXED-LENGTH DATA ELEMENTS
- fixed length control field: 260209|| aca||aabn | a|a d
040 ## - CATALOGING SOURCE
- Original cataloging agency: dpl
- Transcribing agency: dpl
100 ## - HEADING--PERSONAL NAME
- Personal name: अमित कुमार निरंजन
670 ## - SOURCE DATA FOUND
- Source citation: Work cat.: (dpl)214730: अमित कुमार निरंजन, रेडी रेकनर यूजीसी नेट पेपर-1:, 2026
